000 00594pam a2200217 a 4500
008
020 _a8185185158 (pbk.)
049 _aMAIN
050 0 0 _aREF QH302.5 BUT
100 _aButani, Dhamo K.
245 0 0 _aAcademic's dictionary of biology.
250 _a11th ed.
260 _aNew Delhi :
_bAcademic (India) Publishers,
_c[2000], c2000.
300 _a423 p. :
_bill. ;
_c21 cm.
650 0 _aBiology
_xDictionaries.
907 _a.b10229164
_b05-02-07
_c05-02-07
003
005 20230120191428.0
040 _cNUST
942 _cBOOKS
999 _c100962
_d100962